[Event "Winnipeg Boxer Memorial"]
[Site "Winnipeg"]
[Date "2012.10.21"]
[Round "5"]
[White "Gannon, Keith"]
[Black "Cleto, Sam"]
[Result "0-1"]
[WhiteElo "1632"]
[BlackElo "1834"]
[PlyCount "94"]
[EventDate "2012.10.20"]
[EventType "swiss"]
[EventRounds "5"]
[EventCountry "CAN"]
[SourceTitle "EXT 2022"]
[Source "ChessBase"]
[SourceDate "2021.10.06"]
[SourceVersion "1"]
[SourceVersionDate "2021.10.06"]
[SourceQuality "1"]

1. e4 e5 2. Nf3 Nc6 3. Bc4 Bc5 4. 0-0 Nf6 5. Nc3 0-0 6. a3 d6 7. b4 Bb6 8. Bb2 Bg4 9. h3 Bh5 10. Re1 Nd4 11. Be2 Nxe2+ 12. Qxe2 c6 13. Na4 Bc7 14. c4 a6 15. Qd3 b5 16. cxb5 axb5 17. Nc3 Bb6 18. Nh2 Qd7 19. Nf1 Bg6 20. Qe2 Nh5 21. Qd1 f5 22. Qb3+ Kh8 23. a4 fxe4 24. Ne3 bxa4 25. Rxa4 Nf4 26. Rxa8 Rxa8 27. Ra1 Rf8 28. Rf1 Nd3 29. Na4 Ba7 30. Ba1 Qb7 31. Bc3 d5 32. Ng4 d4 33. Ba1 h5 34. Nh2 Bf7 35. Qa3 Qxb4 36. Qxb4 Nxb4 37. g4 g6 38. Rc1 Bd5 39. Nc5 Bxc5 40. Rxc5 Nd3 41. Ra5 Nxf2 42. h4 hxg4 43. Ra7 Nh3+ 44. Kg2 e3+ 45. Kg3 exd2 46. Nxg4 d1Q 47. Kxh3 Qf3+ 0-1

[Event "Winnipeg Yanofsky Memorial"]
[Site "Winnipeg"]
[Date "2012.07.29"]
[Round "5"]
[White "Cleto, Sam"]
[Black "Wiebe, Daniel"]
[Result "0-1"]
[WhiteElo "1884"]
[BlackElo "1998"]
[PlyCount "56"]
[EventDate "2012.07.27"]
[EventType "swiss"]
[EventRounds "5"]
[EventCountry "CAN"]
[SourceTitle "EXT 2022"]
[Source "ChessBase"]
[SourceDate "2021.10.06"]
[SourceVersion "1"]
[SourceVersionDate "2021.10.06"]
[SourceQuality "1"]

1. e4 c5 2. Nf3 d6 3. d4 cxd4 4. Nxd4 Nf6 5. Nc3 a6 6. Be2 e6 7. 0-0 Be7 8. f4 0-0 9. Qe1 Nc6 10. Nxc6 bxc6 11. Be3 Rb8 12. b3 Qa5 13. Nd5 Qd8 14. Nxe7+ Qxe7 15. e5 Nd5 16. Bd2 c5 17. Rd1 dxe5 18. fxe5 Nb4 19. Qg3 Qc7 20. Bh6 f6 21. exf6 Qxg3 22. f7+ Kh8 23. hxg3 gxh6 24. Rd6 Kg7 25. Bh5 Nd5 26. Be2 Ne3 27. Rf3 Nf5 28. Rdd3 Nd4 0-1

[Event "Winnipeg Yanofsky Memorial"]
[Site "Winnipeg"]
[Date "2012.07.28"]
[Round "3"]
[White "De Groot, Steven"]
[Black "Cleto, Sam"]
[Result "1/2-1/2"]
[WhiteElo "1897"]
[BlackElo "1884"]
[PlyCount "120"]
[EventDate "2012.07.27"]
[EventType "swiss"]
[EventRounds "5"]
[EventCountry "CAN"]
[SourceTitle "EXT 2022"]
[Source "ChessBase"]
[SourceDate "2021.10.06"]
[SourceVersion "1"]
[SourceVersionDate "2021.10.06"]
[SourceQuality "1"]

1. c4 Nf6 2. Nc3 g6 3. g3 Bg7 4. Bg2 c6 5. e4 d6 6. Nge2 Bg4 7. h3 Be6 8. d3 Na6 9. 0-0 Nc7 10. f4 Nh5 11. g4 Nf6 12. Ng3 Bc8 13. f5 0-0 14. g5 Nfe8 15. d4 b5 16. b3 bxc4 17. bxc4 Ba6 18. Qd3 d5 19. exd5 cxd5 20. Rd1 Bxc4 21. Qe3 Nd6 22. Ba3 Re8 23. Qf4 Qd7 24. f6 Bf8 25. Bxd6 exd6 26. Re1 Rxe1+ 27. Rxe1 Re8 28. Rxe8 Qxe8 29. Kf2 Qc6 30. Qd2 h6 31. h4 Qd7 32. Qf4 h5 33. Nge2 Ne6 34. Qe3 Qb7 35. Bh3 Bxe2 36. Nxe2 Nc7 37. Qb3 Qc6 38. Qc3 Qc4 39. Bd7 a6 40. a4 Ne6 41. Bxe6 fxe6 42. f7+ Kh7 43. Qf3 Qc8 44. Qf6 Bg7 45. Qe7 Bf8 46. Qf6 e5 47. dxe5 Qc5+ 48. Kf3 Qa3+ 49. Kg2 Qe3 50. Nf4 Qe4+ 51. Kg3 dxe5 52. Ne6 Qe1+ 53. Kg2 Qd2+ 54. Kg1 Qe1+ 55. Kg2 Qe2+ 56. Kh1 Qe4+ 57. Kg1 Qg4+ 58. Kf1 Qd1+ 59. Kg2 Qe2+ 60. Kg1 Qe1+ 1/2-1/2

[Event "Winnipeg TNT May op"]
[Site "Winnipeg"]
[Date "2012.05.08"]
[Round "2"]
[White "Kaptsan, Aron"]
[Black "Cleto, Sam"]
[Result "1/2-1/2"]
[WhiteElo "1973"]
[BlackElo "1860"]
[PlyCount "85"]
[EventDate "2012.05.01"]
[EventType "swiss"]
[EventRounds "5"]
[EventCountry "CAN"]
[SourceTitle "EXT 2022"]
[Source "ChessBase"]
[SourceDate "2021.10.06"]
[SourceVersion "1"]
[SourceVersionDate "2021.10.06"]
[SourceQuality "1"]

1. d4 Nf6 2. c4 g6 3. Nc3 Bg7 4. e4 d6 5. g3 0-0 6. Bg2 e5 7. dxe5 dxe5 8. Qxd8 Rxd8 9. Bg5 c6 10. Nf3 h6 11. Be3 Be6 12. b3 Ng4 13. Bd2 Nd7 14. h3 Ngf6 15. Be3 g5 16. 0-0-0 Ne8 17. Rd2 Nf8 18. Rxd8 Rxd8 19. Bxa7 f5 20. Bb6 Ra8 21. a4 Nd7 22. Be3 f4 23. Bd2 Nd6 24. Rd1 Nc5 25. Kc2 b5 26. Bxf4 Ndxe4 27. Nxe4 Nxe4 28. Bxe5 bxc4 29. Bxg7 cxb3+ 30. Kb2 Rxa4 31. Bd4 c5 32. Ra1 Rxa1 33. Kxa1 cxd4 34. Nxd4 Bd5 35. Kb2 Kf7 36. Nf5 Ke6 37. Bxe4 Bxe4 38. Nxh6 Bg2 39. h4 gxh4 40. gxh4 Bh3 41. Kxb3 Kf6 42. f3 Kg6 43. Ng4 1/2-1/2

[Event "Winnipeg TNT February op"]
[Site "Winnipeg"]
[Date "2012.02.07"]
[Round "1"]
[White "Leaden, Bruce"]
[Black "Cleto, Sam"]
[Result "0-1"]
[WhiteElo "1480"]
[BlackElo "1933"]
[PlyCount "66"]
[EventDate "2012.02.07"]
[EventType "swiss"]
[EventRounds "4"]
[EventCountry "CAN"]
[SourceTitle "EXT 2022"]
[Source "ChessBase"]
[SourceDate "2021.10.06"]
[SourceVersion "1"]
[SourceVersionDate "2021.10.06"]
[SourceQuality "1"]

1. e4 c5 2. Nc3 Nc6 3. f4 Nd4 4. Nf3 e6 5. Bc4 a6 6. a4 Nf6 7. 0-0 Be7 8. Nxd4 cxd4 9. Ne2 d5 10. exd5 exd5 11. Ba2 Bg4 12. d3 0-0 13. Qe1 Bc5 14. h3 Bd7 15. b4 Ba7 16. a5 Re8 17. Qf2 Qe7 18. Ng3 Qxb4 19. Bd2 Qc5 20. Bb3 Qc8 21. Kh1 h5 22. Rfe1 Qc7 23. Rxe8+ Rxe8 24. Re1 Re3 25. Bxe3 dxe3 26. Qf3 Qxa5 27. Re2 Qa1+ 28. Kh2 Bg4 29. hxg4 Nxg4+ 30. Kh3 Qg1 31. Nf1 Qh1+ 32. Kg3 Nh6 33. Qxd5 h4+ 0-1

[Event "Winnipeg February Sect-A"]
[Site "Winnipeg"]
[Date "2008.02.10"]
[Round "5"]
[White "Khedkar, Jay S"]
[Black "Cleto, Sam"]
[Result "1/2-1/2"]
[WhiteElo "1874"]
[BlackElo "1879"]
[PlyCount "133"]
[EventDate "2008.02.10"]
[EventType "tourn"]
[EventRounds "5"]
[EventCountry "CAN"]
[SourceTitle "EXT 2019"]
[Source "ChessBase"]
[SourceDate "2018.10.10"]
[SourceVersion "1"]
[SourceVersionDate "2018.10.10"]
[SourceQuality "1"]

1. e4 g6 2. d4 Bg7 3. Nc3 a6 4. f4 d6 5. Nf3 Nf6 6. Bd3 0-0 7. 0-0 b5 8. Ne2 c5 9. c3 Bg4 10. h3 Bxf3 11. Rxf3 c4 12. Bc2 Nh5 13. Be3 Nd7 14. g4 Nhf6 15. Ng3 Qc7 16. g5 Ne8 17. h4 e5 18. f5 f6 19. Qd2 Rd8 20. Qh2 Rf7 21. Raf1 Nf8 22. d5 Rdd7 23. Qh3 Bh8 24. Kf2 Rde7 25. Rg1 Qd7 26. Ke2 Bg7 27. Nh5 gxh5 28. g6 Nxg6 29. fxg6 hxg6 30. Rxg6 Qxh3 31. Rxh3 Kh7 32. Rg2 Bh6 33. Bd1 Rg7 34. Rhg3 Rxg3 35. Rxg3 Bf4 36. Rg2 Bxe3 37. Kxe3 Kh6 38. Rg8 Ng7 39. Rd8 Ne8 40. Ra8 f5 41. Rxa6 f4+ 42. Kf2 Rg7 43. Rb6 Nf6 44. Rxd6 Rg6 45. Rc6 Nxe4+ 46. Kf3 Nd6 47. Rxd6 Rxd6 48. Ke4 Kg6 49. Kxe5 Rd8 50. Bf3 Re8+ 51. Kxf4 Re1 52. d6 Kf6 53. Bc6 b4 54. cxb4 Rb1 55. Ke4 Rxb2 56. Kd4 Rxa2 57. Kxc4 Ke6 58. d7 Ke7 59. b5 Kd8 60. b6 Rb2 61. Bb5 Rd2 62. Kc5 Rc2+ 63. Kd6 Rd2+ 64. Kc6 Rc2+ 65. Kb7 Ra2 66. Ba6 Kxd7 67. Bb5+ 1/2-1/2

[Event "Winnipeg February Sect-A"]
[Site "Winnipeg"]
[Date "2008.02.09"]
[Round "3"]
[White "Cleto, Sam"]
[Black "Kaptsan, Aron"]
[Result "1-0"]
[WhiteElo "1879"]
[BlackElo "2006"]
[PlyCount "69"]
[EventDate "2008.02.10"]
[EventType "tourn"]
[EventRounds "5"]
[EventCountry "CAN"]
[SourceTitle "EXT 2019"]
[Source "ChessBase"]
[SourceDate "2018.10.10"]
[SourceVersion "1"]
[SourceVersionDate "2018.10.10"]
[SourceQuality "1"]

1. Nf3 Nf6 2. h3 c5 3. d4 cxd4 4. Nxd4 d5 5. Bf4 Nc6 6. e3 Qb6 7. Nxc6 bxc6 8. Be5 Ne4 9. Bd3 Nc5 10. 0-0 Nxd3 11. cxd3 f6 12. Bc3 g6 13. Nd2 Bg7 14. Nb3 0-0 15. Bd4 Qc7 16. Bc5 Re8 17. Rc1 e5 18. Qd2 Bd7 19. Na5 Reb8 20. b4 Bf8 21. Nb3 Bxc5 22. Nxc5 Be8 23. Na6 Qb6 24. Nxb8 Rxb8 25. a3 Bd7 26. Rc5 Bc8 27. Rfc1 Bb7 28. e4 dxe4 29. Qa2+ Kg7 30. dxe4 Rd8 31. Qe6 Rd4 32. Qe7+ Kh6 33. Qxf6 Rxe4 34. Qf8+ Kg5 35. R5c3 1-0

[Event "Winnipeg TNT January op"]
[Site "Winnipeg"]
[Date "2008.01.22"]
[Round "3"]
[White "Evans, Brian"]
[Black "Cleto, Sam"]
[Result "0-1"]
[WhiteElo "1508"]
[BlackElo "1870"]
[PlyCount "64"]
[EventDate "2008.01.08"]
[EventType "swiss"]
[EventRounds "4"]
[EventCountry "CAN"]
[SourceTitle "EXT 2011"]
[Source "ChessBase"]
[SourceDate "2010.11.26"]
[SourceVersion "1"]
[SourceVersionDate "2010.11.26"]
[SourceQuality "1"]

1. e4 Nf6 2. e5 Nd5 3. d4 e6 4. c4 Nb6 5. d5 d6 6. dxe6 Bxe6 7. c5 dxc5 8. Qxd8+ Kxd8 9. Nc3 Nc6 10. Bg5+ Be7 11. Rd1+ Ke8 12. Bxe7 Kxe7 13. f4 Rhd8 14. Rxd8 Rxd8 15. Nf3 a6 16. Be2 Nd4 17. 0-0 Nxe2+ 18. Nxe2 Bxa2 19. Rc1 Na4 20. Ra1 Bb3 21. Kf2 Nxb2 22. Rb1 Nd3+ 23. Kg3 Bd5 24. Nd2 b5 25. Nc3 c6 26. Ra1 Nb4 27. Nde4 Bxe4 28. Nxe4 c4 29. Nd6 Rxd6 30. exd6+ Kxd6 31. Kf3 c3 32. Ke3 Nc2+ 0-1

[Event "Winnipeg TNT January op"]
[Site "Winnipeg"]
[Date "2008.01.15"]
[Round "2"]
[White "Cleto, Sam"]
[Black "Mundwiler, Les"]
[Result "0-1"]
[WhiteElo "1870"]
[BlackElo "2049"]
[PlyCount "147"]
[EventDate "2008.01.08"]
[EventType "swiss"]
[EventRounds "4"]
[EventCountry "CAN"]
[SourceTitle "EXT 2011"]
[Source "ChessBase"]
[SourceDate "2010.11.26"]
[SourceVersion "1"]
[SourceVersionDate "2010.11.26"]
[SourceQuality "1"]

1. Nf3 c5 2. g3 Nc6 3. Bg2 d5 4. c3 Nf6 5. 0-0 h6 6. b4 cxb4 7. cxb4 Nxb4 8. Ne5 Nc6 9. d4 e6 10. Qa4 Bd7 11. Nxd7 Qxd7 12. Nd2 Be7 13. Nb3 b6 14. Bf4 0-0 15. Rac1 Rfc8 16. e4 dxe4 17. Rfd1 Ne5 18. Qa6 Nc6 19. Be5 Nb4 20. Qe2 Nbd5 21. Bxf6 Bxf6 22. Bxe4 Rxc1 23. Rxc1 Rc8 24. Rxc8+ Qxc8 25. Bxd5 exd5 26. Qb5 Qd8 27. a4 a5 28. Qc6 g6 29. h4 h5 30. Kg2 Kg7 31. Kg1 Be7 32. Nd2 Qd6 33. Qe8 Qe6 34. Nf3 Bf6 35. Qb8 Qe4 36. Ne5 Qxd4 37. Nd7 Be7 38. Qxb6 Qd1+ 39. Kg2 Qxa4 40. Qb2+ d4 41. Ne5 Bf6 42. Nd3 Qc6+ 43. Kh2 Qc3 44. Qe2 Qc4 45. Qf3 Qe6 46. Qa8 Qf5 47. Qa6 Qd5 48. Kg1 Qb3 49. Nc5 Qb4 50. Qa7 Qe1+ 51. Kg2 d3 52. Nxd3 Qe4+ 53. Kg1 Qxd3 54. Qxa5 Qd1+ 55. Kg2 Bd4 56. Qa2 Qe1 57. Qc2 Qxf2+ 58. Qxf2 Bxf2 59. Kxf2 Kf6 60. Ke3 Kf5 61. Kf3 f6 62. Kf2 Kg4 63. Kg2 g5 64. hxg5 fxg5 65. Kh2 Kf3 66. Kh3 Kf2 67. g4 h4 68. Kh2 Kf3 69. Kh3 Kf4 70. Kg2 Kxg4 71. Kh2 Kh5 72. Kh3 g4+ 73. Kg2 Kg5 74. Kh2 0-1

[Event "Winnipeg TNT January op"]
[Site "Winnipeg"]
[Date "2008.01.08"]
[Round "1"]
[White "Magnusson, Saul"]
[Black "Cleto, Sam"]
[Result "0-1"]
[WhiteElo "1453"]
[BlackElo "1870"]
[PlyCount "83"]
[EventDate "2008.01.08"]
[EventType "swiss"]
[EventRounds "4"]
[EventCountry "CAN"]
[SourceTitle "EXT 2011"]
[Source "ChessBase"]
[SourceDate "2010.11.26"]
[SourceVersion "1"]
[SourceVersionDate "2010.11.26"]
[SourceQuality "1"]

1. e4 Nf6 2. Nc3 e5 3. Bc4 Bc5 4. d3 c6 5. Bg5 h6 6. Bh4 d6 7. Nge2 Bg4 8. Qd2 b5 9. Bb3 a5 10. a4 b4 11. Nd1 0-0 12. Ne3 Be6 13. Ng3 Bxb3 14. Nef5 Be6 15. Nxh6+ gxh6 16. Nh5 Ng4 17. Bxd8 Bxf2+ 18. Kf1 Be3 19. Qe2 Rxd8 20. h3 Nd7 21. hxg4 Bg5 22. Ng3 d5 23. Nf5 Bxf5 24. exf5 f6 25. Kf2 Kg7 26. Rh5 Nc5 27. Qf3 e4 28. Rxg5+ hxg5 29. Qe3 d4 30. Qg3 e3+ 31. Kf3 Ra7 32. Ke2 b3 33. cxb3 Nxb3 34. Rh1 Rf7 35. Qf3 Rd5 36. Qh3 Kf8 37. Qg3 Re5 38. Qf3 Rc5 39. Rh8+ Kg7 40. Qh3 Rc2+ 41. Kf3 Nd2+ 42. Kg3 0-1

[Event "Winnipeg Gibbons Section ABCD"]
[Site "Winnipeg"]
[Date "2007.10.12"]
[Round "1"]
[White "Cleto, Sam"]
[Black "Boron, Anthony"]
[Result "0-1"]
[WhiteElo "1859"]
[BlackElo "1981"]
[PlyCount "90"]
[EventDate "2007.10.12"]
[EventType "swiss"]
[EventRounds "5"]
[EventCountry "CAN"]
[SourceTitle "EXT 2022"]
[Source "ChessBase"]
[SourceDate "2021.10.06"]
[SourceVersion "1"]
[SourceVersionDate "2021.10.06"]
[SourceQuality "1"]

1. Nf3 c5 2. g3 Nc6 3. Bg2 g6 4. d4 cxd4 5. Nxd4 Bg7 6. c3 Nf6 7. Nd2 0-0 8. N2f3 Qb6 9. Rb1 d6 10. Be3 Qa6 11. a4 Nd5 12. Bd2 e5 13. Nb5 Bf5 14. Ra1 Rad8 15. Nh4 Nde7 16. 0-0 Rd7 17. Be3 Be6 18. Be4 d5 19. Bd3 Qa5 20. Qc1 a6 21. Na3 e4 22. Bc2 Rc8 23. Bh6 Bh3 24. Bxg7 Kxg7 25. Rd1 Ne5 26. Qg5 Qc7 27. c4 f6 28. Qe3 Nxc4 29. Nxc4 Qxc4 30. Bb3 Qc5 31. Qd2 Qb6 32. Ra3 Rcc7 33. a5 Qd6 34. Ba4 Rd8 35. Rb3 Rc4 36. Rb6 Qc7 37. Bb3 Rc6 38. Rxc6 Qxc6 39. Ng2 Bxg2 40. Kxg2 d4 41. Qb4 Nf5 42. g4 e3+ 43. f3 Nh4+ 44. Kf1 Qc7 45. Rxd4 Qc1+ 0-1

[Event "Winnipeg Yanofsky Memorial"]
[Site "Winnipeg"]
[Date "2007.09.02"]
[Round "4"]
[White "Cleto, Sam"]
[Black "Repa, Jason"]
[Result "0-1"]
[WhiteElo "1900"]
[BlackElo "2019"]
[PlyCount "84"]
[EventDate "2007.08.31"]
[EventType "swiss"]
[EventRounds "5"]
[EventCountry "CAN"]
[SourceTitle "EXT 2022"]
[Source "ChessBase"]
[SourceDate "2021.10.06"]
[SourceVersion "1"]
[SourceVersionDate "2021.10.06"]
[SourceQuality "1"]

1. c4 Nf6 2. Nf3 e6 3. d4 b6 4. a3 Bb7 5. Nc3 Be7 6. e3 0-0 7. Bd3 d6 8. 0-0 Nbd7 9. Re1 e5 10. dxe5 Nxe5 11. Nxe5 dxe5 12. e4 h6 13. Qe2 Qd7 14. Be3 Rfe8 15. Rad1 c6 16. b4 Qc7 17. Qb2 Rad8 18. h3 Bc8 19. b5 Be6 20. bxc6 Rxd3 21. Rxd3 Bxc4 22. Rdd1 Qxc6 23. f3 b5 24. Rc1 Nd7 25. Nd5 Bc5 26. Qf2 Bxa3 27. Ra1 Bc5 28. Bxc5 Nxc5 29. Nb4 Qb6 30. Red1 a5 31. Na6 Qxa6 32. Qxc5 a4 33. Rd6 Qa5 34. Rc1 Rd8 35. Rcd1 Rxd6 36. Rxd6 a3 37. Qc8+ Kh7 38. Rd8 Be6 39. Rh8+ Kg6 40. Qg8 a2 41. Rh7 Qa7+ 42. Kh2 f6 0-1

[Event "Winnipeg TNT May op"]
[Site "Winnipeg"]
[Date "2007.05.15"]
[Round "3"]
[White "Khedkar, Jay S"]
[Black "Cleto, Sam"]
[Result "1-0"]
[WhiteElo "1974"]
[BlackElo "1959"]
[PlyCount "75"]
[EventDate "2007.05.01"]
[EventType "swiss"]
[EventRounds "5"]
[EventCountry "CAN"]
[SourceTitle "EXT 2022"]
[Source "ChessBase"]
[SourceDate "2021.10.06"]
[SourceVersion "1"]
[SourceVersionDate "2021.10.06"]
[SourceQuality "1"]

1. e4 d6 2. d4 f5 3. Nc3 Nf6 4. Bd3 e6 5. Nf3 Be7 6. 0-0 0-0 7. exf5 exf5 8. d5 Ng4 9. Nd4 f4 10. Re1 Bh4 11. g3 fxg3 12. hxg3 Nxf2 13. Bxh7+ Kxh7 14. Qh5+ Kg8 15. gxh4 Qf6 16. Be3 Bg4 17. Ne4 Nh3+ 18. Kh2 Bxh5 19. Nxf6+ Rxf6 20. Kxh3 Nd7 21. Bg5 Rf2 22. Re7 Ne5 23. Rg1 Raf8 24. Bh6 R8f3+ 25. Nxf3 Rxf3+ 26. Kh2 Rf2+ 27. Rg2 Ng4+ 28. Kg1 Rxg2+ 29. Kxg2 Nxh6 30. Rxc7 Bf7 31. c4 Nf5 32. Kh3 b5 33. b3 bxc4 34. bxc4 a5 35. Kg4 g6 36. Kg5 Kf8 37. h5 Ne7 38. h6 1-0

[Event "Winnipeg TNT May op"]
[Site "Winnipeg"]
[Date "2007.05.08"]
[Round "2"]
[White "Cleto, Sam"]
[Black "Oberton, Daniel"]
[Result "1/2-1/2"]
[WhiteElo "1959"]
[BlackElo "2009"]
[PlyCount "41"]
[EventDate "2007.05.01"]
[EventType "swiss"]
[EventRounds "5"]
[EventCountry "CAN"]
[SourceTitle "EXT 2022"]
[Source "ChessBase"]
[SourceDate "2021.10.06"]
[SourceVersion "1"]
[SourceVersionDate "2021.10.06"]
[SourceQuality "1"]

1. e4 c5 2. Nf3 d6 3. d4 cxd4 4. Nxd4 Nf6 5. Nc3 g6 6. Be2 Bg7 7. 0-0 0-0 8. h3 Nc6 9. Be3 Bd7 10. Nf3 Rc8 11. Ng5 h6 12. Nf3 Qa5 13. Qd2 Kh7 14. Bd3 Rfd8 15. a3 Be6 16. b4 Qc7 17. Nb5 Qb8 18. c3 d5 19. Bf4 Nxe4 20. Qe3 Nd6 21. Nh4 1/2-1/2

[Event "Winnipeg Apr Sect-B"]
[Site "Winnipeg"]
[Date "2007.04.21"]
[Round "2"]
[White "Green, Jim"]
[Black "Cleto, Sam"]
[Result "1/2-1/2"]
[WhiteElo "1757"]
[BlackElo "1959"]
[PlyCount "95"]
[EventDate "2007.04.20"]
[EventType "tourn"]
[EventRounds "5"]
[EventCountry "CAN"]
[SourceTitle "EXT 2019"]
[Source "ChessBase"]
[SourceDate "2018.10.10"]
[SourceVersion "1"]
[SourceVersionDate "2018.10.10"]
[SourceQuality "1"]

1. e4 Nf6 2. Nc3 d6 3. d4 Nbd7 4. Be3 e5 5. d5 Be7 6. Be2 c6 7. dxc6 bxc6 8. f4 0-0 9. Nf3 Ng4 10. Qd2 Nxe3 11. Qxe3 exf4 12. Qxf4 Rb8 13. Nd4 Ne5 14. Nb3 Bg5 15. Qf2 Bh3 16. 0-0 Bh4 17. Qe3 Bg4 18. h3 Bxe2 19. Nxe2 c5 20. Rab1 a5 21. Qf2 Rb4 22. Nd2 Bf6 23. Qg3 Ng6 24. b3 Be5 25. Qe3 Qh4 26. Kh1 Qe7 27. c3 Rbb8 28. Nc4 Ra8 29. Nxe5 dxe5 30. c4 Rad8 31. Rbd1 Rxd1 32. Rxd1 f5 33. exf5 Rxf5 34. Ng3 Rf4 35. Rd5 Rd4 36. Nf5 Qf8 37. Ng3 Rxd5 38. cxd5 Qd6 39. Ne4 Qxd5 40. Nxc5 Nf4 41. Ne4 h6 42. Qf3 Qd4 43. a4 Nd3 44. Kh2 Ne1 45. Qg4 Qd8 46. Qe6+ Kh8 47. Qxe5 Nd3 48. Qg3 1/2-1/2

[Event "Winnipeg TNT April op"]
[Site "Winnipeg"]
[Date "2007.04.17"]
[Round "3"]
[White "Mundwiler, Les"]
[Black "Cleto, Sam"]
[Result "1-0"]
[WhiteElo "1972"]
[BlackElo "1959"]
[PlyCount "113"]
[EventDate "2007.04.03"]
[EventType "swiss"]
[EventRounds "4"]
[EventCountry "CAN"]
[SourceTitle "EXT 2019"]
[Source "ChessBase"]
[SourceDate "2018.10.10"]
[SourceVersion "1"]
[SourceVersionDate "2018.10.10"]
[SourceQuality "1"]

1. d4 Nf6 2. c4 e6 3. Nf3 h6 4. Nc3 Bb4 5. Qc2 c5 6. a3 Bxc3+ 7. Qxc3 cxd4 8. Qxd4 Nc6 9. Qd6 Ne4 10. Qf4 Qa5+ 11. Nd2 d5 12. f3 e5 13. Qe3 Nd4 14. Kd1 Nf5 15. Qg1 Nxd2 16. Bxd2 Qa4+ 17. Ke1 Nd4 18. Rc1 dxc4 19. Qe3 0-0 20. Qxe5 Nb3 21. Bc3 f6 22. Qd5+ Kh8 23. Rd1 Qa6 24. e4 Be6 25. Qd6 Qxd6 26. Rxd6 Rfe8 27. Be2 Rad8 28. Rxd8 Rxd8 29. Kf2 b5 30. Rd1 Rxd1 31. Bxd1 Nc5 32. Ke3 Kg8 33. Be2 Kf7 34. Bd4 Na4 35. Bd1 a6 36. f4 g6 37. g4 Bd7 38. h4 a5 39. Be2 Ke7 40. h5 gxh5 41. gxh5 Be8 42. f5 b4 43. axb4 axb4 44. Bxc4 Bxh5 45. Be2 Be8 46. Bc4 Bd7 47. b3 Nc3 48. Bc5+ Ke8 49. Bxb4 Nb5 50. e5 Bxf5 51. exf6 Bg6 52. Bxb5+ Kf7 53. Bc3 Bf5 54. Kf4 Bc8 55. Bc4+ Kg6 56. f7 Kh5 57. f8Q 1-0